Principios de ciencia y tecnología de los cereales / (Record no. 173330)
[ view plain ]
| 000 -CABECERA | |
|---|---|
| campo de control de longitud fija | 01112nam a2200337Ia 4500 |
| 001 - NÚMERO DE CONTROL | |
| campo de control | dia_2830 |
| 003 - IDENTIFICADOR DEL NÚMERO DE CONTROL | |
| campo de control | CHAP |
| 005 - FECHA Y HORA DE LA ÚLTIMA TRANSACCIÓN | |
| campo de control | 20251027152003.0 |
| 008 - DATOS DE LONGITUD FIJA--INFORMACIÓN GENERAL | |
| campo de control de longitud fija | 220117s1991 xx 000 0 und d |
| 010 ## - NÚMERO DE CONTROL DE LA BIBLIOTECA DEL CONGRESO | |
| Número de control de LC | 173330 |
| 020 ## - NÚMERO INTERNACIONAL ESTÁNDAR DEL LIBRO | |
| Número Internacional Estándar del Libro | 84-200-0703-X |
| 040 ## - FUENTE DE LA CATALOGACIÓN | |
| Centro/agencia transcriptor | CHAP |
| 082 ## - NÚMERO DE LA CLASIFICACIÓN DECIMAL DEWEY | |
| Número de clasificación | 664.729 H67 1991 |
| 100 ## - ENTRADA PRINCIPAL--NOMBRE DE PERSONA | |
| Nombre de persona | Hoseney, R. Carl |
| 9 (RLIN) | 56405 |
| 245 ## - MENCIÓN DE TÍTULO | |
| Título | Principios de ciencia y tecnología de los cereales / |
| Mención de responsabilidad, etc. | R. Carl Hoseney ; traducción Mariano González Alonso |
| 260 ## - PUBLICACIÓN, DISTRIBUCIÓN, ETC. | |
| Lugar de publicación, distribución, etc. | España : |
| Nombre del editor, distribuidor, etc. | Acribia, |
| Fecha de publicación, distribución, etc. | 1991 |
| 300 ## - DESCRIPCIÓN FÍSICA | |
| Extensión | ix, 321 p. |
| 500 ## - NOTA GENERAL | |
| Nota general | Título original: Principles of cereal science and technology |
| 503 ## - NOTA DE HISTORIA BIBLIOGRÁFICA (BK CF MU) [OBSOLETO] | |
| Nota de historia bibliográfica | I.167436 (ej. 1) \ I.167435 (ej. 2) \ I.169508 (ej. 3) |
| 504 ## - NOTA DE BIBLIOGRAFÍA, ETC. | |
| Nota de bibliografía, etc. | Incluye bibliografías |
| 590 ## - NOTA LOCAL (RLIN) | |
| Nota local | TX557 H67 1991 |
| 650 ## - PUNTO DE ACCESO ADICIONAL DE MATERIA--TÉRMINO DE MATERIA | |
| Término de materia o nombre geográfico como elemento de entrada | Cereales como alimento |
| 9 (RLIN) | 143613 |
| 650 ## - PUNTO DE ACCESO ADICIONAL DE MATERIA--TÉRMINO DE MATERIA | |
| Término de materia o nombre geográfico como elemento de entrada | Cereals |
| 9 (RLIN) | 153575 |
| 650 ## - PUNTO DE ACCESO ADICIONAL DE MATERIA--TÉRMINO DE MATERIA | |
| Término de materia o nombre geográfico como elemento de entrada | Granos |
| 9 (RLIN) | 139066 |
| 650 ## - PUNTO DE ACCESO ADICIONAL DE MATERIA--TÉRMINO DE MATERIA | |
| Término de materia o nombre geográfico como elemento de entrada | Productos de cereales |
| 9 (RLIN) | 153568 |
| 700 ## - PUNTO DE ACCESO ADICIONAL--NOMBRE DE PERSONA | |
| Nombre de persona | González Alonso, Mariano, tr. |
| 9 (RLIN) | 153297 |
| 901 ## - ELEMENTOS DE DATOS A LOCAL LDA (RLIN) | |
| a | 664.729 H67 1991 |
| 902 ## - ELEMENTOS DE DATOS B LOCAL, LDB (RLIN) | |
| a | M |
| 905 ## - ELEMENTOS DE DATOS E LOCAL, LDE (RLIN) | |
| a | 5232271991 sp dimn8232223322spa16 |
| 942 ## - ELEMENTOS DE PUNTO DE ACCESO ADICIONAL (KOHA) | |
| Tipo de ítem Koha | Libro |
| Fuente del sistema de clasificación o colocación | Dewey Decimal Classification |
| Estado de retiro | Estado de pérdida | Fuente del sistema de clasificación o colocación | Estado dañado | Restricciones de uso | No para préstamo | Código de colección | Localización permanente | Ubicación/localización actual | Fecha de adquisición | Fuente de adquisición | Información codificada de la localización en otra ubicación | Coste, precio normal de compra | Número de inventario | Total de préstamos | Signatura topográfica completa | Código de barras | Fecha visto por última vez | Fecha del último préstamo | Número de copia | Tipo de ítem Koha | Renovaciones totales | En préstamo |
|---|---|---|---|---|---|---|---|---|---|---|---|---|---|---|---|---|---|---|---|---|---|---|
| Dewey Decimal Classification | Préstamo interno | General | Ingenieria Agroindustrial | Ingenieria Agroindustrial | 19/05/1993 | Compra Librería patena f. 7285 / (19-05-93) | 1 | 292.00 | 167436 | 3 | 664.729 H67 1991 | dia_003679 | 19/05/2025 | 19/05/2025 | 1 | Libro | ||||||
| Dewey Decimal Classification | Préstamo 5 días | General | Ingenieria Agroindustrial | Ingenieria Agroindustrial | 19/05/1993 | Compra Librería patena f. 7285 / (19-05-93) | 1 | 292.00 | 167435 | 17 | 664.729 H67 1991 | dia_003678 | 05/03/2026 | 16/02/2026 | 2 | Libro | 1 | |||||
| Dewey Decimal Classification | Préstamo 5 días | General | Ingenieria Agroindustrial | Ingenieria Agroindustrial | 27/05/1994 | Compra Librería Patena F. 611, 663, 706 y 7065 / R. (27/05/1994) | 1 | 157.00 | 169508 | 24 | 664.729 H67 1991 | dia_003677 | 24/02/2026 | 24/02/2026 | 3 | Libro | 18 | 24/06/2026 |
